[Event "GER-ch U25-C"]
[Site "Willingen"]
[Date "2023.05.31"]
[Round "6"]
[White "Neumeier, Leonhard"]
[Black "Sauer, Ben"]
[Result "1-0"]
[WhiteElo "1219"]
[BlackElo "1340"]
[PlyCount "115"]
[EventDate "2023.05.27"]
[EventType "swiss"]
[EventRounds "9"]
[EventCountry "GER"]
[SourceTitle "CBM 214 Extra"]
[Source "ChessBase"]
[SourceDate "2023.07.31"]
[SourceVersion "1"]
[SourceVersionDate "2023.07.31"]
[SourceQuality "1"]

1. e4 c5 2. Nf3 Nc6 3. d4 cxd4 4. Nxd4 e5 5. Nb5 a6 6. Nd6+ Bxd6 7. Qxd6 Qf6 8. Qd1 Nge7 9. Nc3 Qg6 10. Be3 0-0 11. g3 Kh8 12. Bg2 f5 13. exf5 Nxf5 14. Be4 Nxe3 15. fxe3 Qh6 16. Qe2 d6 17. 0-0-0 Rd8 18. g4 Qg5 19. h3 Be6 20. a3 Rac8 21. Kb1 Qe7 22. Nd5 Bxd5 23. Bxd5 b5 24. Qg2 Qc7 25. Rhf1 Ne7 26. Rf7 Rf8 27. Rxf8+ Rxf8 28. Rf1 Rxf1+ 29. Qxf1 Qc8 30. Qf3 Nxd5 31. Qxd5 Qb8 32. Qc6 a5 33. b4 axb4 34. axb4 Kg8 35. Qd5+ Kf8 36. Kb2 Ke7 37. g5 g6 38. h4 Qe8 39. c4 bxc4 40. Qxc4 Qb8 41. b5 Qb6 42. e4 Qb7 43. Kb3 Qb8 44. Qc6 Kd8 45. b6 Ke7 46. Kc4 Kd8 47. Kd5 Ke7 48. Kc4 Kd8 49. Kb5 Ke7 50. Qc7+ Qxc7 51. bxc7 Kd7 52. Kb6 Kc8 53. Kc6 d5 54. Kxd5 Kxc7 55. Kxe5 Kd7 56. Kf6 Kd6 57. e5+ Kd7 58. Kf7 1-0

[Event "GER-chT Christmas U16 Steinitz"]
[Site "Playchess.com INT"]
[Date "2020.12.28"]
[Round "7.4"]
[White "Neumeier, Leonhard"]
[Black "Kraus, Joel"]
[Result "1-0"]
[WhiteElo "1028"]
[BlackElo "1291"]
[PlyCount "75"]
[EventDate "2020.12.28"]
[EventType "team-swiss (blitz)"]
[EventRounds "7"]
[EventCountry "GER"]
[SourceTitle "CBM 200 Extra"]
[Source "ChessBase"]
[SourceDate "2021.03.31"]
[SourceVersion "1"]
[SourceVersionDate "2021.03.31"]
[SourceQuality "1"]
[WhiteTeam "Kelheim II"]
[BlackTeam "Kuppenheim"]
[WhiteTeamCountry "GER"]
[BlackTeamCountry "GER"]

1. e4 e5 2. Nf3 Nc6 3. Bc4 Bc5 4. c3 Nf6 5. d4 Nxe4 6. dxc5 Qf6 7. 0-0 d6 8. cxd6 cxd6 9. Qd5 Qg6 10. Nh4 Qe6 11. Qxe4 0-0 12. Bxe6 Bxe6 13. Nd2 d5 14. Qd3 e4 15. Qg3 Rad8 16. Nb3 d4 17. cxd4 Bc4 18. Bh6 g6 19. Bxf8 Bxf1 20. Kxf1 Rxf8 21. d5 Nb4 22. Qe5 Rc8 23. Qxe4 Nc2 24. Rc1 f5 25. Qxc2 Rxc2 26. Rxc2 b5 27. d6 Kf7 28. Re2 g5 29. Nxf5 b4 30. d7 a5 31. d8Q a4 32. Qe7+ Kg6 33. Nbd4 b3 34. axb3 axb3 35. Re6+ Kh5 36. Ng7+ Kh4 37. Rh6+ Kg4 38. Qe4# 1-0